Normal view
MARC view
Entry Personal Name
001 - CONTROL NUMBER
- control field: 1154417
003 - CONTROL NUMBER IDENTIFIER
- control field: OSt
005 - DATE AND TIME OF LATEST TRANSACTION
- control field: 20260324115356.0
008 - FIXED-LENGTH DATA ELEMENTS
- fixed length control field: 260324|| aca||aabn | a|a d
040 ## - CATALOGING SOURCE
- Original cataloging agency: OSt
- Transcribing agency: OSt
100 ## - HEADING--PERSONAL NAME
- Personal name: Charla S. Long; Amy Laitinen; Deborah J. Bushway; Laurie Dodge
670 ## - SOURCE DATA FOUND
- Source citation: Work cat.: (OSt)1745262: Charla S. Long; Amy Laitinen; Deborah J. Bushway; Laurie Dodge, A Leader's Guide to Competency-Based Education
